00253nam a2200109Ia 4500008004100000100001800041245003600059250000800095260002400103300000800127650000800135191201s2012 xx 000 0 und d aRAJASEKARAN,S 0aNeural Networks and fuzzy logic aRep c2012bPHIaN. delhi a439 aCSE